000 00550nam a2200181 i 4500
001 58775
003 ES-MaACL
005 20230906163901.0
007 t|
008 031024s1945 xxk |||| | eng d
100 1 _aEckersley, C. E.
_946606
245 1 2 _aA concise english grammar for students /
_cby C.E. Eckersley.
250 _a2nd ed.
260 _aLondon :
_bLongmans, Green and Co,
_c[1945] (
_fLove and Brydne printen limited)
300 _a127 p. ;
_c19 cm.
650 0 4 _aLengua inglesa-
_xGramática.
_914277
852 _aES-MaACL
_j1866-F-1
999 _c58775
_d58775